Lidský kapitál a intelektuální kapitál - totožné nebo rozdílné pojmy?
Pojmy ľudský kapitál a intelektuálny kapitál, história ich vzniku. Vymedzenie týchto pojmov, ktoré začali byť frekventovanejšie používané v druje polovici 90. rokov a nahradili bežne používané pojmy ako ľudský činiteľ, ľudský faktor, subjektívny činiteľ. Nasledujúce pojmy, ktoré sa objavujú v rôznyc...
Salvato in:
| Autore principale: | |
|---|---|
| Natura: | Capitolo di libro |
| Lingua: | ceco |
| Soggetti: | |
| Tags: |
Nessun Tag, puoi essere il primo ad aggiungerne!!
|
MARC
| LEADER | 00000naa$a2200000$$$4500 | ||
|---|---|---|---|
| 001 | 0014476 | ||
| 005 | 20221207104949.1 | ||
| 041 | 0 | |a cze | |
| 044 | |a SK | ||
| 245 | 1 | 0 | |a Lidský kapitál a intelektuální kapitál - totožné nebo rozdílné pojmy? |c aut. Otakar Němec |
| 520 | |a Pojmy ľudský kapitál a intelektuálny kapitál, história ich vzniku. Vymedzenie týchto pojmov, ktoré začali byť frekventovanejšie používané v druje polovici 90. rokov a nahradili bežne používané pojmy ako ľudský činiteľ, ľudský faktor, subjektívny činiteľ. Nasledujúce pojmy, ktoré sa objavujú v rôznych informačných zdrojoch. Štrukturálny kapitál. Zákaznícky kapitál. Organizačný kapitál. Inovačný kapitál. | ||
| 610 | 2 | 0 | |a kapitál ľudský |
| 610 | 2 | 0 | |a kapitál intelektuálny |
| 610 | 2 | 0 | |a pojmy |
| 610 | 2 | 0 | |a história |
| 100 | 1 | |a Němec, Otakar | |